| 000 | 01010nam a2200301 i 4500 | ||
|---|---|---|---|
| 001 | 66672 | ||
| 003 | ES-MaACL | ||
| 005 | 20250813060903.0 | ||
| 007 | t| | ||
| 008 | 030519s2002 sp ||||0| spa d | ||
| 020 | _a84-7844-644-3 | ||
| 080 | _a292.112.1(0:82) | ||
| 080 | _a821.14.09 | ||
| 100 | 1 |
_aOtto, Walter F. _987956 |
|
| 245 | 1 | 4 |
_aLos dioses de Grecia / _cWalter F. Otto ; prólogo de Jaume Pórtulas ; traducción de Rodolfo Berge y Adolfo Murguía Zuriarrain. |
| 260 |
_aMadrid : _bSiruela, _c[2002] |
||
| 300 |
_a280 p. ; _c22 cm. |
||
| 490 | 1 |
_aEl árbol del paraíso ; _v29 |
|
| 650 | 4 |
_aDioses griegos- _xEn la literatura. _911912 |
|
| 650 | 4 |
_aMitología griega- _xEn la literatura. _915106 |
|
| 650 | 1 | 4 |
_aLiteratura griega- _xHistoria y crítica. _914599 |
| 700 | 1 |
_aPòrtulas, Jaume. _993297 |
|
| 700 | 1 |
_aBerge, Rodolfo. _927942 |
|
| 700 | 1 |
_aMurguía, Adolfo. _984576 |
|
| 830 | 1 | 3 |
_aEl árbol del paraíso _v29 _9179942 |
| 852 |
_aES-MaACL _jL-27156 |
||
| 999 |
_c66672 _d66672 |
||